| 000 | 00472cam a2200193 4500 | ||
|---|---|---|---|
| 001 | D2924 | ||
| 008 | 090401t1978 xxu||||| |||| 00| 0 eng d | ||
| 035 | _a(Sirsi) u98017 | ||
| 041 | _aeng | ||
| 050 | _a690.24 | ||
| 100 | _aCowell, A.S.T. | ||
| 245 | _aAgeing: an aspect of long term maintenance | ||
| 260 |
_aAscot _bIOB _c1978 |
||
| 300 | _a3 leaves. 30cm | ||
| 350 | _a0 | ||
| 490 |
_aIOB Maintenance Information Service _v5 |
||
| 942 | _n0 | ||
| 948 | _c04/03/1997 | ||
| 999 |
_c99048 _d99048 |
||